Central Library OPAC University of Rajshahi

The second part of King Henry VI / (Record no. 18647)

MARC details
000 -LEADER
fixed length control field 00779cam a22002531 4500
001 - CONTROL NUMBER
control field 18647
003 - CONTROL NUMBER IDENTIFIER
rucl marc code BD-RjUL
005 - DATE AND TIME OF LATEST TRANSACTION
control field 20211209000320.0
008 - FIXED-LENGTH DATA ELEMENTS--GENERAL INFORMATION
fixed length control field 140222s1952 enkcj 000 0 eng
035 ## - SYSTEM CONTROL NUMBER
System control number (BD-RjUL)18705
System control number (OCoLC)356377
040 ## - CATALOGING SOURCE
Original cataloging agency DLC
Transcribing agency ODaWU
Modifying agency OCoLC
-- OYU
-- DLC
-- BD-RjUL
Language of cataloging eng
041 ## - LANGUAGE CODE
Language code of text/sound track or separate title eng
082 00 - DEWEY DECIMAL CLASSIFICATION NUMBER
Classification number 822.33
Author mark and year SHS 1952
100 1# - MAIN ENTRY--PERSONAL NAME
Personal name Shakespeare, William,
Dates associated with a name 1564-1616.
9 (RLIN) 57435
245 14 - TITLE STATEMENT
Title The second part of King Henry VI /
Statement of responsibility, etc. William Shakespeare.
260 ## - PUBLICATION, DISTRIBUTION, ETC. (IMPRINT)
Place of publication, distribution, etc. Cambridge :
Name of publisher, distributor, etc. University Press,
Date of publication, distribution, etc. 1952.
300 ## - PHYSICAL DESCRIPTION
Pagination liv, 221 p. :
Illustrations port., geneal. table. ;
Size 18 cm.
490 0# - SERIES STATEMENT
Series statement The works of Shakespeare
600 00 - SUBJECT ADDED ENTRY--PERSONAL NAME
Personal name Henry
Titles and other words associated with a name King of England,
Dates associated with a name 1421-1471
942 ## - ADDED ENTRY ELEMENTS (KOHA)
Source of classification or shelving scheme Dewey Decimal Classification
Koha item type Books
Holdings
Lost status Source of classification or shelving scheme Damaged status Not for loan Collection code Permanent Location Current Location Shelving location Date acquired Source of acquisition Cost, normal purchase price Total Checkouts Full call number Date last seen Copy number Koha item type
  Dewey Decimal Classification     Non-fiction Central Library, University of Rajshahi Central Library, University of Rajshahi Reading Room 27/09/1955 B.H.Black Well 12.00   822.33 SHS 1952 22/02/2014 C-1 Books
  Dewey Decimal Classification   Not For Loan Non-fiction Central Library, University of Rajshahi Central Library, University of Rajshahi Reading Room 14/02/1956 A. B. C 10.20   822.33 SHS 1952 24/02/2014 C-1 Books